20 personnages de fiction à lunettes - Statistiques

Statistiques générales
  • Ce quiz a été pris 1 277 fois
  • Le résultat moyen est 9 sur 20
Statistiques - réponses
Indice(s) Nom % Correct
Un futur auror avec une cicatrice en forme d'éclair sur le front. Harry Potter
92%
Canard le plus riche du monde et oncle de Donald Duck. Balthazar Picsou
89%
Personnage à pull rayé rouge et blanc se cachant dans de grandes double-pages. Charlie
83%
De loin la plus intelligente du groupe formé autour de Scooby. Véra Dinkley
83%
Jeune garçon qui se réveille chaque matin transformé en quelqu'un ou quelque chose de nouveau. Martin Matin
62%
Meilleur ami de Bart, amoureux de Lisa. Milhouse Van Houten
62%
Professeur presque sourd ayant établit ses quartiers au château de Moulinsart. Pr Tryphon Tournesol
60%
Styliste pour super-héros qui s'occupe notamment de Mr Indestructrible et Elastigirl. Edna Mode
59%
Garçon roux de 11 ans, surdoué, vêtu d'une blouse blanche et créateur d'un laboratoire secret dans sa chambre. Dexter
56%
Copain préféré de Titeuf, qui le suit dans toutes ses blagues. Manu
48%
Vit en colocation avec le Dr Sheldon Cooper. Leonard Hofstadter
43%
Membre des X-Men capable de générer à partir de ses yeux de puissantes rafales d'énergie. Cyclope / Scott Summers
41%
Minion, chef du groupe qu'il constitut avec Stuart et Bob. Kevin
37%
Elle fait le tour du monde en van avec sa famille, et a le pouvoir de parler aux animaux. Eliza Delajungle
32%
Ami de Malcolm en fauteuil roulant. Stevie Kenarban
28%
Sbire d'Orochimaru qui usera de la technique de réincarnation des âmes Kabuto Yakushi
26%
Assistante de Daniel, qui est à la tête d'un prestigieux magazine de mode. Betty Suarez
11%
Frère de Jake, et membre du groupe 'The Blues Brothers'. Elwood J. Blues
5%
Voyage accompagné de Fuu et Mugen, à la recherche du samouraï qui sent le tournesol. Jin
4%
Un des membres du célèbre trio des Trailer Park Boys. Bubbles
3%
Aucun quiz correspondant
Distribution des résultats
% des personnes avec chaque résultat
Percentile par nombre de réponses
Votre historique - résultats
Vous n’avez pas pris ce quiz